Tribhuvan University Central Library

Geology and fossil occurences of Amlekhganj-Hetauda area, Sub-Himalaya Nepal (Record no. 6796)

MARC details
000 -LEADER
fixed length control field 007500000a22003130004500
003 - CONTROL NUMBER IDENTIFIER
control field Jha
005 - DATE AND TIME OF LATEST TRANSACTION
control field 20120907075333.0
082 ## - DEWEY DECIMAL CLASSIFICATION NUMBER
Classification number 552
Item number R46g
-- D
041 ## - LANGUAGE CODE
Language code of text/sound track or separate title Eng
100 ## - MAIN ENTRY--PERSONAL NAME
Personal name Rimal, Lila Nath
245 ## - TITLE STATEMENT
Title Geology and fossil occurences of Amlekhganj-Hetauda area, Sub-Himalaya Nepal
260 ## - PUBLICATION, DISTRIBUTION, ETC. (IMPRINT)
Place of publication, distribution, etc Kathmandu, Nepal
260 ## - PUBLICATION, DISTRIBUTION, ETC. (IMPRINT)
Date of publication, distribution, etc 1991
300 ## - PHYSICAL DESCRIPTION
Extent 85p.
500 ## - GENERAL NOTE
General note Bibliography:p. 80-85
518 ## - DATE/TIME AND PLACE OF AN EVENT NOTE
Date/time and place of an event note 940908
530 ## - ADDITIONAL PHYSICAL FORM AVAILABLE NOTE
Additional physical form available note Dis
502 ## - DISSERTATION NOTE
Dissertation note Dissertation
-- Degree in Geology, Tribhuvan University
650 ## - SUBJECT ADDED ENTRY--TOPICAL TERM
Topical term or geographic name as entry element Geology
650 ## - SUBJECT ADDED ENTRY--TOPICAL TERM
Topical term or geographic name as entry element Stratigraphy
650 ## - SUBJECT ADDED ENTRY--TOPICAL TERM
Topical term or geographic name as entry element Geological structures
650 ## - SUBJECT ADDED ENTRY--TOPICAL TERM
Topical term or geographic name as entry element Fossils
650 ## - SUBJECT ADDED ENTRY--TOPICAL TERM
Topical term or geographic name as entry element Theses
651 ## - SUBJECT ADDED ENTRY--GEOGRAPHIC NAME
Geographic name Nepal
651 ## - SUBJECT ADDED ENTRY--GEOGRAPHIC NAME
Geographic name Hetauda Area
651 ## - SUBJECT ADDED ENTRY--GEOGRAPHIC NAME
Geographic name Amlekhganj
942 ## - ADDED ENTRY ELEMENTS (KOHA)
Koha item type General Collections
Holdings
Withdrawn status Lost status Damaged status Not for loan Home library Current library Date acquired Total Checkouts Barcode Date last seen Price effective from
        Tribhuvan University Central Library Tribhuvan University Central Library 06/20/2010   D3214 06/20/2010 06/20/2010